Don't - Ed Sheeran - ALL LYRICS - Statistics

General Stats
  • This quiz has been taken 832 times
  • The average score is 346 of 500
Answer Stats
Lyrics % Correct
do
99%
i
99%
dont
98%
don't
98%
a
97%
my
95%
you
94%
love
93%
to
93%
an
92%
she
92%
that
91%
this
91%
we
91%
for
90%
on
90%
the
89%
me
88%
when
88%
and
87%
her
87%
if
87%
was
87%
with
87%
is
86%
know
86%
told
86%
be
85%
in
85%
disappear
84%
not
84%
fuck
83%
looking
83%
so
83%
all
82%
late
82%
said
81%
never
80%
heart
79%
im
79%
I'm
79%
of
79%
but
78%
girl
78%
met
78%
then
78%
have
77%
it
77%
worry
77%
cold
76%
should
76%
take
75%
friend
74%
knows
74%
last
74%
or
73%
over
73%
until
73%
year
73%
wanna
72%
want
72%
another
71%
mistake
70%
really
70%
just
68%
two
68%
by
65%
room
65%
10
64%
could
64%
old
64%
only
64%
time
64%
what
64%
right
63%
three
63%
week
63%
AM
62%
baby
62%
hotel
62%
singing
62%
burn
61%
lover
61%
nights
61%
same
61%
wait
61%
away
60%
gave
60%
trouble
60%
wanted
60%
around
59%
months
58%
swing
58%
bottle
57%
gin
57%
like
57%
staying
57%
thinking
57%
we'll
57%
again
56%
babe
56%
maybe
56%
our
56%
she's
56%
bring
55%
sheets
55%
called
54%
crossed
54%
paths
54%
way
54%
him
53%
its
53%
jumped
53%
lemon
53%
moment
53%
put
53%
would
52%
till
51%
later
48%
reload
48%
door
47%
pause
47%
see
47%
went
47%
were
47%
at
46%
between
46%
day
46%
aim
45%
floor
45%
go
44%
sex
44%
pizza
43%
reckon
43%
bed
42%
even
42%
couple
41%
crying
41%
i'd
41%
now
40%
respect
40%
weeks
40%
four
39%
next
39%
out
39%
plane
39%
shoulder
39%
as
38%
didnt
38%
returned
38%
saw
38%
trust
38%
already
37%
been
37%
course
37%
cities
36%
that's
36%
threat
36%
tour
36%
drink
35%
money
35%
place
35%
takeaway
35%
thought
35%
treat
35%
both
34%
make
34%
message
34%
text
34%
too
34%
before
33%
intended
33%
reach
33%
days
31%
disappeared
30%
home
30%
loves
30%
need
30%
about
29%
fucking
29%
planes
29%
different
28%
feature
28%
wasnt
28%
knock
27%
track
27%
commitment
26%
either
26%
guess
26%
Aretha
25%
get
25%
figure
24%
shows
24%
sleep
24%
couch
22%
promise
22%
ya
22%
missing
21%
those
21%
bit
20%
here
20%
how
20%
sit
20%
confused
19%
film
19%
fun
19%
played
19%
things
19%
together
19%
kissing
18%
rather
18%
realise
18%
sat
18%
wants
18%
down
17%
written
15%
while
14%
wish
13%
i dont
6%
i told
3%
thet
2%
No matching quizzes found
Score Distribution
Percent of People with Each Score
Percentile by Number Answered
Your Score History
You have not taken this quiz